|
|
|
|
| LEADER |
00000nam a2200000Ii 4500 |
| 001 |
DIGUCAUCA0072 |
| 003 |
NyNyDIG |
| 007 |
cr ||||||||||| |
| 008 |
210830s2017 ck o ob 001 0 spa d |
| 006 |
m o d |
| 035 |
|
|
|a (OCoLC)1253748017
|
| 040 |
|
|
|a DGITA
|b eng
|e rda
|e pn
|c DGITA
|
| 020 |
|
|
|z 9789587322453
|
| 050 |
1 |
4 |
|a Z123 ebook
|
| 082 |
1 |
4 |
|a 686.2
|
| 245 |
0 |
0 |
|a Impresiones :
|b miradas y realidades entre plomos /
|c compiladora, Laura Sandoval Sarmiento.
|
| 264 |
|
1 |
|a Popayán, Colombia :
|b Editorial Universidad del Cauca,
|c [2017]
|
| 300 |
|
|
|a 1 online resource :
|b photographs.
|
| 336 |
|
|
|a text
|b txt
|2 rdacontent
|
| 337 |
|
|
|a computer
|b c
|2 rdamedia
|
| 338 |
|
|
|a online resource
|b cr
|2 rdacarrier
|
| 347 |
|
|
|a text file
|2 rdaft
|
| 347 |
|
|
|b PDF
|
| 504 |
|
|
|a Includes bibliographical references and index.
|
| 588 |
0 |
|
|a Online resource; title from PDF title page (Digitalia, viewed August 30, 2021)
|
| 650 |
|
0 |
|a Printing .
|
| 650 |
|
0 |
|a Graphic design (Typography).
|
| 655 |
|
0 |
|a Electronic books.
|
| 700 |
1 |
|
|a Sandoval Sarmiento, Laura Judith,
|e editor.
|
| 791 |
2 |
|
|a Digitalia (Firm),
|e distributor.
|
| 793 |
0 |
|
|g Digitalia eBook Collection:
|a Editorial Universidad del Cauca
|
| 776 |
0 |
8 |
|i Print version:
|t Impresiones.
|b Primera edición.
|d Popayán, Colombia : Editorial Universidad del Cauca, [2017]
|z 9789587322453
|w (OCoLC)1040545370
|
| 856 |
4 |
0 |
|3 Digitalia Hispánica
|u https://www.digitaliapublishing.com/a/82806/
|
| 910 |
|
|
|a Premium collection: 2021
|